000
00324nam a2200133Ia 4500
008
191201s2019 xx 000 0 und d
082
_a
615.4 NAP
100
_a
NAND, Partibha
245
0
_a
Pharmaceutical Dispensing
260
_b
CBS Pub
_a
New Delhi
_c
2019
300
_a
200
650
_a
Pharmaceutics - 4
942
_2
ddc
_c
BK
999
_c
8229
_d
8229